000 00383nam a2200121Ia 4500
008 240731s9999 xx 000 0 und d
022 _a1521-0634
245 0 _aNumerical Heat Transfer, Part A: Applications : An International Journal of Computation and Methodology
260 _bTaylor & Francis
856 _uhttps://www.tandfonline.com/loi/unht20
942 _2ddc
942 _cTFEJ
999 _c78773
_d78773
945 _a1
_bMadushi Gamage
_c1
_dMadushi Gamage